[Event "Techirghiol op"]
[Site "Techirghiol"]
[Date "2006.07.02"]
[Round "2"]
[White "Gilea, Lucian"]
[Black "Teodorescu, Daniel"]
[Result "1-0"]
[WhiteElo "2284"]
[BlackElo "1907"]
[PlyCount "53"]
[EventDate "2006.07.01"]
[EventType "swiss"]
[EventRounds "9"]
[EventCountry "ROM"]
[Source "ChessBase"]
[SourceDate "2006.09.14"]

1. d4 d6 2. Nf3 Bg4 3. Nbd2 Nd7 4. h3 Bxf3 5. Nxf3 g6 6. Bf4 Bg7 7. e4 c5 8. c3
Qa5 9. Qd2 e5 10. dxe5 dxe5 11. Bg3 Rd8 12. Bc4 Bf6 13. Qd5 Nh6 14. Qxb7 Rb8
15. Qc6 Rxb2 16. O-O Qb6 17. Qa4 Ke7 18. Rad1 Qc7 19. Qa3 Rhb8 20. Bb3 R2xb3
21. axb3 Rb5 22. Qa4 a6 23. Qxa6 Rxb3 24. Rb1 Qb8 25. Nd2 Rb6 26. Rxb6 Nxb6 27.
Rb1 1-0

[Event "Techirghiol op"]
[Site "Techirghiol"]
[Date "2006.07.03"]
[Round "3"]
[White "Axinte, Stefan"]
[Black "Gilea, Lucian"]
[Result "0-1"]
[WhiteElo "2071"]
[BlackElo "2284"]
[PlyCount "40"]
[EventDate "2006.07.01"]
[EventType "swiss"]
[EventRounds "9"]
[EventCountry "ROM"]
[Source "ChessBase"]
[SourceDate "2006.09.14"]

1. e4 c5 2. e5 Nc6 3. f4 d6 4. Bb5 dxe5 5. Bxc6+ bxc6 6. fxe5 g6 7. h3 Bg7 8.
Nf3 Nh6 9. d3 Nf5 10. Bf4 O-O 11. Nc3 Qb6 12. b3 Rd8 13. Na4 Qc7 14. Nxc5 Qa5+
15. Qd2 Qxc5 16. g4 Nd4 17. Nxd4 Qxd4 18. Rd1 Bxe5 19. Be3 Qd5 20. Rg1 Qf3 0-1

[Event "Techirghiol op"]
[Site "Techirghiol"]
[Date "2006.07.04"]
[Round "4"]
[White "Manescu, Tiberiu"]
[Black "Gilea, Lucian"]
[Result "1/2-1/2"]
[WhiteElo "2264"]
[BlackElo "2284"]
[PlyCount "32"]
[EventDate "2006.07.01"]
[EventType "swiss"]
[EventRounds "9"]
[EventCountry "ROM"]
[Source "ChessBase"]
[SourceDate "2006.09.14"]

1. d4 d5 2. c4 e6 3. Nc3 Nf6 4. Bg5 Be7 5. cxd5 exd5 6. Nf3 O-O 7. e3 Nbd7 8.
Bd3 Re8 9. O-O Ne4 10. Bxe7 Qxe7 11. Rb1 c6 12. Qc2 Ndf6 13. b4 Nxc3 14. Qxc3
Ne4 15. Qc2 a6 16. a4 Bf5 1/2-1/2

[Event "Techirghiol op"]
[Site "Techirghiol"]
[Date "2006.07.07"]
[Round "7"]
[White "Gilea, Lucian"]
[Black "Tufa, Mihai"]
[Result "1-0"]
[WhiteElo "2284"]
[BlackElo "2118"]
[PlyCount "91"]
[EventDate "2006.07.01"]
[EventType "swiss"]
[EventRounds "9"]
[EventCountry "ROM"]
[Source "ChessBase"]
[SourceDate "2006.09.14"]

1. c4 e5 2. Nc3 f5 3. Nf3 d6 4. e4 f4 5. d4 Nc6 6. Be2 Be7 7. g3 g5 8. d5 Nb8
9. gxf4 gxf4 10. c5 Nh6 11. Rg1 Rg8 12. Rxg8+ Nxg8 13. Bb5+ Bd7 14. Nxe5 dxe5
15. d6 Bxb5 16. Nxb5 cxd6 17. Qd5 Qa5+ 18. Nc3 Qxc5 19. Qxg8+ Kd7 20. Qxh7 Nc6
21. Qh3+ Ke8 22. Qh8+ Bf8 23. Qh5+ Kd7 24. Nd5 Ne7 25. Nc3 b5 26. a3 a5 27. h4
Rc8 28. Qd1 Qc4 29. Qe2 b4 30. axb4 axb4 31. Na4 Qd4 32. Bd2 Rc2 33. Rd1 Qa7
34. Qb5+ Nc6 35. Nb6+ Kc7 36. Nd5+ Kd7 37. Nxb4 Rc5 38. Nxc6 Rxc6 39. Ba5 Qc5
40. Qb7+ Ke6 41. Bc3 Qc4 42. Qh7 Rc5 43. h5 Qb5 44. h6 Qd7 45. Qg8+ Qf7 46. h7
1-0

[Event "Techirghiol op"]
[Site "Techirghiol"]
[Date "2006.07.08"]
[Round "8"]
[White "Veneteanu, Ion Cristian"]
[Black "Gilea, Lucian"]
[Result "1-0"]
[WhiteElo "2244"]
[BlackElo "2284"]
[PlyCount "79"]
[EventDate "2006.07.01"]
[EventType "swiss"]
[EventRounds "9"]
[EventCountry "ROM"]
[Source "ChessBase"]
[SourceDate "2006.09.14"]

1. Nf3 Nf6 2. b3 g6 3. Bb2 Bg7 4. g3 d6 5. d4 O-O 6. Bg2 c6 7. O-O Nbd7 8. c4
Re8 9. Nc3 e5 10. dxe5 dxe5 11. Ng5 Qc7 12. Qd2 Nc5 13. Rad1 Bf5 14. e4 Bg4 15.
f3 Bd7 16. Kh1 Rad8 17. Qe3 Qa5 18. Nh3 Bc8 19. Nf2 h5 20. h3 Kh7 21. f4 h4 22.
fxe5 Nh5 23. Ne2 Qxa2 24. Rb1 Nxg3+ 25. Nxg3 hxg3 26. Qxc5 gxf2 27. Qxf2 Qxb3
28. e6 Bxb2 29. Rxb2 Qc3 30. Qh4+ Kg8 31. exf7+ Kg7 32. fxe8=Q Rxe8 33. Rbf2
Be6 34. Rf3 Qe5 35. c5 Bc4 36. Rd1 Be6 37. Rfd3 Rf8 38. Rd6 Bc8 39. Rd8 Qxc5
40. Rxf8 1-0

[Event "Grand Prix"]
[Site "?"]
[Date "2006.04.26"]
[Round "?"]
[White "Gilea, Lucian"]
[Black "Kruppa, Yuri"]
[Result "0-1"]
[WhiteElo "2299"]
[BlackElo "2538"]
[PlyCount "48"]
[EventDate "2006.??.??"]

1. d4 Nf6 2. Nf3 g6 3. Bf4 Bg7 4. e3 O-O 5. Be2 d6 6. h3 Nc6 7. O-O Qe8 8. c4
e5 9. Bh2 Bf5 10. Nc3 Rc8 11. Rc1 Kh8 12. c5 dxc5 13. dxc5 Qe7 14. Na4 Rfd8 15.
Qb3 e4 16. Ne1 Rb8 17. Nc2 Be6 18. Qa3 Rd2 19. Rfe1 Nd5 20. Bb5 Qg5 21. Bxc6
bxc6 22. Bg3 h5 23. h4 Qg4 24. Nd4 g5 0-1

[Event "Nat Ind Ch Man"]
[Site "Geoagiu-Bai"]
[Date "2006.12.05"]
[Round "9"]
[White "Gilea, Lucian"]
[Black "Posedaru , Bogdan"]
[Result "1-0"]
[WhiteElo "2278"]
[BlackElo "2178"]
[PlyCount "83"]
[EventDate "2006.??.??"]

1. d4 d5 2. Nf3 e6 3. c4 c6 4. e3 Bd6 5. Nc3 f5 6. Qc2 Nf6 7. Bd3 Ne4 8. a3 O-O
9. b3 b6 10. Bb2 Qe7 11. O-O Nd7 12. Be2 Bb7 13. Ne5 Bxe5 14. dxe5 c5 15. Rad1
dxc4 16. Nb5 cxb3 17. Qxb3 Bd5 18. Qc2 Nb8 19. f3 Ng5 20. Nd6 Bc6 21. Bc4 Kh8
22. e4 f4 23. Rf2 h6 24. Qb3 Bd7 25. Rfd2 Nh7 26. a4 Bc6 27. Ra1 Nd7 28. Bxe6
Ng5 29. Bd5 Bxd5 30. Qxd5 Rfd8 31. Nf5 Qe8 32. Rad1 Ne6 33. Nd6 Qg6 34. Nb7
Ndf8 35. Nxd8 Rxd8 36. Qb7 Rxd2 37. Rxd2 Qe8 38. Qxa7 Qc6 39. Rd6 Qc8 40. Qxb6
c4 41. Bc3 Qe8 42. Qb5 1-0

[Event "Paris ch Open A"]
[Site "Paris FRA"]
[Date "2005.07.09"]
[Round "1.6"]
[White "Tardif, Olivier"]
[Black "Gilea, Lucian"]
[Result "1/2-1/2"]
[WhiteElo "1985"]
[BlackElo "2259"]
[PlyCount "107"]
[EventDate "2005.07.09"]
[EventType "swiss"]
[EventRounds "9"]
[EventCountry "FRA"]
[Source "lmi"]
[SourceDate "2005.02.10"]

1. e4 c5 2. c4 Nc6 3. f4 e6 4. Nc3 d6 5. Nf3 a6 6. d4 cxd4 7. Nxd4 Nf6 8. Be2
Qb6 9. Be3 Qxb2 10. Na4 Qa3 11. Bc1 Qb4+ 12. Bd2 Qa3 13. Nxc6 bxc6 14. O-O d5
15. Rf3 Qe7 16. exd5 exd5 17. Rb3 Qc7 18. Bf3 Be7 19. cxd5 Nxd5 20. Bxd5 cxd5
21. Rc1 Qd8 22. Nb6 Bb7 23. Nxa8 Bxa8 24. Rbc3 O-O 25. Qc2 Qb6+ 26. Kh1 Qf2 27.
Be3 Qxc2 28. R1xc2 Bf6 29. Rc8 Bb7 30. Rxf8+ Kxf8 31. Rc7 d4 32. Rxb7 dxe3 33.
Kg1 Bc3 34. Kf1 g6 35. g4 h6 36. Ke2 Bd2 37. h4 a5 38. a4 Bc1 39. f5 gxf5 40.
gxf5 Kg7 41. Rb6 h5 42. Rb1 Bd2 43. Rg1+ Kh6 44. Rg2 Bc1 45. Kd3 Bd2 46. Ke4
Be1 47. Kxe3 Bxh4 48. Kf4 Bd8 49. Ke5 h4 50. f6 h3 51. Rg8 Bc7+ 52. Kf5 Kh7 53.
Rg4 h2 54. Rh4+ 1/2-1/2

[Event "Paris ch Open A"]
[Site "Paris FRA"]
[Date "2005.07.13"]
[Round "5.4"]
[White "Touboulic, Julien"]
[Black "Gilea, Lucian"]
[Result "0-1"]
[WhiteElo "2174"]
[BlackElo "2259"]
[PlyCount "84"]
[EventDate "2005.07.09"]
[EventType "swiss"]
[EventRounds "9"]
[EventCountry "FRA"]
[Source "lmi"]
[SourceDate "2005.02.10"]

1. e4 g6 2. d4 Bg7 3. Nc3 c6 4. f4 d5 5. e5 h5 6. Nf3 Nh6 7. Bd3 Bf5 8. O-O
Bxd3 9. Qxd3 e6 10. b3 Bf8 11. a4 a5 12. Ba3 Bxa3 13. Rxa3 Kf8 14. Raa1 Na6 15.
Nd1 Nf5 16. Ne3 Nb4 17. Qd2 Nxe3 18. Qxe3 Nxc2 19. Qd3 Nxa1 20. Rxa1 Qb6 21.
Qe3 Rc8 22. Rc1 Qb4 23. h3 h4 24. Kh2 Qe7 25. Ne1 b6 26. Nd3 Rg8 27. Qf2 g5 28.
f5 exf5 29. Qxf5 Qe6 30. Qf2 Ke8 31. b4 axb4 32. a5 bxa5 33. Nc5 Qe7 34. Qf5
Kd8 35. e6 f6 36. Rf1 Kc7 37. Qd3 Ra8 38. Ra1 g4 39. hxg4 Rxg4 40. Rd1 Qd6+ 41.
Kh1 Qg3 42. Na6+ Rxa6 0-1

[Event "Paris ch Open A"]
[Site "Paris FRA"]
[Date "2005.07.14"]
[Round "6.2"]
[White "Gilea, Lucian"]
[Black "Lacrosse, Marc"]
[Result "1/2-1/2"]
[WhiteElo "2259"]
[BlackElo "2242"]
[PlyCount "81"]
[EventDate "2005.07.09"]
[EventType "swiss"]
[EventRounds "9"]
[EventCountry "FRA"]
[Source "lmi"]
[SourceDate "2005.02.10"]

1. d4 d5 2. Nf3 Nf6 3. Bg5 Ne4 4. Bf4 c5 5. c3 Nc6 6. e3 cxd4 7. exd4 a6 8.
Nbd2 Bf5 9. Nh4 Nxd2 10. Qxd2 Bg4 11. h3 Bh5 12. Nf5 e6 13. Qe3 Bg6 14. Bd3
Bxf5 15. Bxf5 Be7 16. Bd3 Rc8 17. O-O O-O 18. Qg3 Kh8 19. Rae1 Na5 20. Bb1 b5
21. Qf3 Nc4 22. Re2 a5 23. g3 b4 24. cxb4 axb4 25. h4 Bf6 26. h5 Rc6 27. Kg2
Bg5 28. Rh1 Bxf4 29. Qxf4 Qf6 30. h6 Qxf4 31. hxg7+ Kxg7 32. Rxh7+ Kf6 33. gxf4
Rg8+ 34. Kf3 Rg1 35. Bd3 Nd6 36. Rh6+ Kg7 37. Rh3 Ra1 38. Rh7+ Kf6 39. Rh6+ Kg7
40. Rh7+ Kf6 41. Rh6+ 1/2-1/2

[Event "Paris ch Open A"]
[Site "Paris FRA"]
[Date "2005.07.15"]
[Round "7.3"]
[White "Cruz Alvarez De Ron, Dan"]
[Black "Gilea, Lucian"]
[Result "1-0"]
[WhiteElo "2186"]
[BlackElo "2259"]
[PlyCount "67"]
[EventDate "2005.07.09"]
[EventType "swiss"]
[EventRounds "9"]
[EventCountry "FRA"]
[Source "lmi"]
[SourceDate "2005.02.10"]

1. e4 e6 2. d4 d5 3. Nc3 Bb4 4. e5 Qd7 5. Qg4 f5 6. Qg3 b6 7. Nh3 Ba6 8. Bxa6
Nxa6 9. a3 Bxc3+ 10. bxc3 Nb8 11. Nf4 Nc6 12. Nxe6 Qxe6 13. Qxg7 Qg6 14. Qxh8
Nd8 15. e6 Nc6 16. Bf4 O-O-O 17. Be5 Qxe6 18. O-O f4 19. Qxh7 Nxe5 20. Rfe1 Qc6
21. dxe5 Qxc3 22. Qf5+ Kb7 23. Qxf4 a5 24. e6 Ne7 25. h4 Rg8 26. g3 Ng6 27. Qe3
Qf6 28. Qg5 Qf3 29. Re3 Qf8 30. Qxd5+ Ka7 31. e7 Qg7 32. e8=Q Rxe8 33. Rxe8
Qxa1+ 34. Kh2 1-0

[Event "Paris ch Open A"]
[Site "Paris FRA"]
[Date "2005.07.17"]
[Round "9.6"]
[White "Derieux, Christian"]
[Black "Gilea, Lucian"]
[Result "0-1"]
[WhiteElo "2170"]
[BlackElo "2259"]
[PlyCount "130"]
[EventDate "2005.07.09"]
[EventType "swiss"]
[EventRounds "9"]
[EventCountry "FRA"]
[Source "lmi"]
[SourceDate "2005.02.10"]

1. d4 b5 2. e4 Bb7 3. f3 a6 4. Be3 e6 5. Bd3 d6 6. a4 b4 7. a5 d5 8. Nd2 Nd7 9.
Ne2 c5 10. exd5 Bxd5 11. O-O Ngf6 12. Nf4 cxd4 13. Bxd4 Bc5 14. Bxc5 Nxc5 15.
Nc4 Qc7 16. Nxd5 Nxd5 17. Be4 O-O 18. Bxd5 Rad8 19. Nb6 exd5 20. Qd2 Ne6 21.
Qxb4 Qxc2 22. Rad1 d4 23. Qc4 Qxb2 24. Qxa6 h5 25. f4 Qc2 26. Qc4 Qxc4 27. Nxc4
Nc5 28. Ne5 Rd6 29. Rf3 g6 30. Ra3 Rfd8 31. Nd3 Ne4 32. a6 Ra8 33. Rda1 h4 34.
Kf1 Ra7 35. Ke2 Re6 36. Ne5 Nc5 37. Rc1 Nxa6 38. Kf1 Rc7 39. Rxc7 Nxc7 40. Rd3
Nb5 41. Nf3 Re4 42. g3 hxg3 43. hxg3 f6 44. Nd2 Re7 45. Kf2 Kf7 46. Nb3 Rd7 47.
Kf3 f5 48. Nc1 Ke6 49. Rb3 Nd6 50. Ne2 Kd5 51. Rb4 Nc4 52. Nc1 Re7 53. Rb5+ Kc6
54. Rb4 Re3+ 55. Kf2 Kc5 56. Rb3 Rc3 57. Nd3+ Kd6 58. Rb4 Rc2+ 59. Ke1 Kd5 60.
Rb5+ Ke4 61. Ne5 Ne3 62. Rb4 Ra2 63. Rb6 g5 64. Nf7 Ra1+ 65. Ke2 d3+ 0-1

[Event "Romanian Teams Championship -B"]
[Site "?"]
[Date "2005.05.22"]
[Round "2.1"]
[White "Gilea, Lucian"]
[Black "Mosnegutu (Munteanu), Mariana"]
[Result "1-0"]
[WhiteElo "2241"]
[BlackElo "2273"]
[PlyCount "57"]

1. d4 Nf6 2. Nc3 d5 3. Bg5 e6 4. e4 dxe4 5. Nxe4 Be7 6. Bxf6 Bxf6 7. Nf3 Be7 8.
Bc4 O-O 9. Qe2 c6 10. Rd1 Qa5+ 11. c3 Nd7 12. O-O Qc7 13. Neg5 Bxg5 14. Nxg5
Nf6 15. Ne4 Nd5 16. g3 b5 17. Bd3 e5 18. dxe5 Qxe5 19. f4 Qc7 20. Nc5 Qb6 21.
b4 Nf6 22. f5 Re8 23. Qf2 Ng4 24. Qf4 Ne5 25. f6 Ng4 26. fxg7 Be6 27. h3 Ne5
28. Qxe5 f5 29. Kh2 1-0

[Event "Romanian Teams Championship -B"]
[Site "Tusnad"]
[Date "2005.05.21"]
[Round "1.1"]
[White "Pop, Dumitru"]
[Black "Gilea, Lucian"]
[Result "0-1"]
[WhiteElo "2095"]
[BlackElo "2241"]
[PlyCount "82"]
[EventType "team"]
[EventRounds "9"]

1. e4 g6 2. d4 Bg7 3. Nf3 c6 4. Nc3 d5 5. h3 dxe4 6. Nxe4 Nf6 7. Nxf6+ exf6 8.
Bc4 O-O 9. O-O Be6 10. Bxe6 fxe6 11. Bf4 Na6 12. Re1 Re8 13. c3 Nc7 14. Qb3 Nd5
15. Bg3 Qb6 16. Nd2 Bf8 17. Nc4 Qxb3 18. axb3 c5 19. dxc5 Bxc5 20. b4 Bf8 21.
Bd6 Rec8 22. Bxf8 Rxc4 23. Bc5 b6 24. Be3 Kf7 25. Ra6 Nc7 26. Ra2 Nd5 27. Rea1
Rc7 28. Ra6 Rb7 29. R6a4 e5 30. c4 Nxe3 31. fxe3 Ke6 32. Kf2 Kf5 33. b5 Rd7 34.
Ke2 Rad8 35. g4+ Kg5 36. Rxa7 Rd2+ 37. Kf3 h5 38. gxh5 gxh5 39. Rg1+ Kf5 40.
Rh7 e4+ 41. Kg3 Rg8+ 0-1

[Event "Memorialul Revolutiei"]
[Site "Bucuresti"]
[Date "2004.12.16"]
[Round "2"]
[White "Gilea, Lucian"]
[Black "Sanduleac, Vasile"]
[Result "0-1"]
[WhiteElo "2239"]
[BlackElo "2486"]
[PlyCount "112"]
[EventDate "2004.12.??"]

1. d4 d5 2. Nf3 c6 3. c4 Nf6 4. Nc3 a6 5. c5 Nbd7 6. Bf4 Nh5 7. Be5 Nxe5 8.
Nxe5 Nf6 9. e3 g6 10. Bd3 Bg7 11. O-O O-O 12. f4 Nd7 13. Nf3 Qc7 14. Qd2 b6 15.
cxb6 Nxb6 16. Rac1 Qd6 17. Rc2 a5 18. Rfc1 Bd7 19. Ne2 Rfc8 20. Ng3 Be8 21. h4
Nd7 22. Ne5 Nxe5 23. fxe5 Qe6 24. h5 f6 25. hxg6 hxg6 26. exf6 Qxf6 27. Qf2
Rcb8 28. Ne2 Qxf2+ 29. Kxf2 e5 30. dxe5 Bxe5 31. Nd4 Bxd4 32. exd4 Rb4 33. Ke3
Ra7 34. Rf1 Re7+ 35. Kd2 Rxd4 36. Rc5 a4 37. Ra5 Kg7 38. Kc3 Rg4 39. Rf2 Bf7
40. Kc2 Rb7 41. Rc5 Be8 42. Ra5 Re7 43. Kc3 Kh6 44. Kd2 Rb7 45. Kc2 Kg5 46. Rc5
Rgb4 47. Kc1 Re7 48. a3 Rg4 49. Kd2 Rb7 50. Kc2 Bd7 51. Be2 Rf4 52. Rxf4 Kxf4
53. Ra5 Ke3 54. Bf3 Bf5+ 55. Kc1 Rh7 56. g4 Bd3 0-1

[Event "Memorialul Revolutiei"]
[Site "Bucuresti"]
[Date "2004.12.20"]
[Round "7"]
[White "Murariu, Andrei"]
[Black "Gilea, Lucian"]
[Result "1-0"]
[WhiteElo "2381"]
[BlackElo "2239"]
[PlyCount "105"]
[EventDate "2004.12.??"]

1. e4 e6 2. d4 d5 3. Nd2 Nf6 4. e5 Nfd7 5. Bd3 c5 6. c3 Nc6 7. Ne2 cxd4 8. cxd4
Qb6 9. Nf3 f6 10. exf6 Nxf6 11. O-O Bd6 12. Nc3 O-O 13. Re1 Kh8 14. Na4 Qc7 15.
Bg5 Bd7 16. Rc1 Bf4 17. Bxf4 Qxf4 18. Nc5 Nxd4 19. Ne5 Bc8 20. g3 Qh6 21. Bxh7
b6 22. Qxd4 bxc5 23. Qxc5 Nxh7 24. Qxf8+ Nxf8 25. Nf7+ Kh7 26. Nxh6 Kxh6 27. f4
Bd7 28. Rc7 a5 29. b3 Kg6 30. Rec1 a4 31. b4 Rb8 32. a3 Kf5 33. Re1 Kf6 34. Kf2
g5 35. h4 gxh4 36. gxh4 Bb5 37. h5 Nd7 38. Rec1 e5 39. Rc8 Rxc8 40. Rxc8 exf4
41. Rg8 Ke5 42. Kf3 Nf6 43. Rg5+ Kd6 44. Kxf4 Bd3 45. Ke3 Bc2 46. Kd4 Be4 47.
h6 Bc2 48. Rg7 Kc6 49. Ra7 Nd7 50. Rxa4 Nf8 51. Ra6+ Kb5 52. Ra5+ Kb6 53. Rxd5
1-0

[Event "Open Techirghiol Seniori"]
[Site "?"]
[Date "2004.07.01"]
[Round "1.1"]
[White "Gilea, Lucian"]
[Black "Stanciu, Tiberiu"]
[Result "1-0"]
[WhiteElo "2247"]
[BlackElo "820"]
[PlyCount "59"]
[EventDate "2004.07.12"]
[Source "Org Culamet Nia"]
[SourceDate "2004.01.07"]

1. d4 e6 2. Nf3 f5 3. g3 Nf6 4. Bg2 d5 5. O-O c6 6. c4 Bd6 7. Nc3 Qe7 8. Bg5 h6
9. Bxf6 Qxf6 10. Qc2 O-O 11. cxd5 exd5 12. a3 g5 13. e3 Bd7 14. Qb3 Bc8 15.
Rac1 Nd7 16. a4 Kh8 17. a5 h5 18. h4 gxh4 19. Nxh4 b6 20. Nxd5 cxd5 21. Qxd5
Ba6 22. Rc6 Bb7 23. Qxd6 Bxc6 24. Qxc6 Rad8 25. Ng6+ Kg7 26. Nxf8 Nxf8 27.
Qxf6+ Kxf6 28. axb6 axb6 29. Rc1 Rb8 30. Rc6+ 1-0

[Event "Open Techirghiol Seniori"]
[Site "?"]
[Date "2004.07.??"]
[Round "2.1"]
[White "Posedaru , Bogdan"]
[Black "Gilea, Lucian"]
[Result "0-1"]
[WhiteElo "2070"]
[BlackElo "2247"]
[PlyCount "74"]
[EventDate "2004.07.12"]
[Source "Org Culamet Nia"]
[SourceDate "2004.01.07"]

1. e4 c5 2. Nf3 a6 3. Nc3 Nc6 4. d4 cxd4 5. Nxd4 e6 6. Be2 Bb4 7. O-O Nf6 8.
Nxc6 bxc6 9. e5 Nd5 10. Ne4 f5 11. Bh5+ g6 12. Bg5 Qc7 13. Nf6+ Kf7 14. Nxd5
cxd5 15. f4 Be7 16. Bxe7 Kxe7 17. Qe1 Qc5+ 18. Kh1 gxh5 19. Qh4+ Ke8 20. Qxh5+
Kd8 21. Rf3 Bb7 22. Qh4+ Qe7 23. Qf2 Bc6 24. Ra3 Ke8 25. Qe2 a5 26. Rg3 Qf7 27.
Rd1 Rg8 28. Rxg8+ Qxg8 29. Rd4 Qg4 30. Qd2 Rb8 31. b3 Rb4 32. Rxb4 axb4 33. h3
Qh5 34. Kg1 d4 35. Qxd4 Qe2 36. Qf2 Qd1+ 37. Kh2 Be4 0-1

[Event "Open Techirghiol Seniori"]
[Site "?"]
[Date "2004.07.??"]
[Round "3.1"]
[White "Gilea, Lucian"]
[Black "Tantau, Adrian-Dumitru"]
[Result "1-0"]
[WhiteElo "2247"]
[BlackElo "2215"]
[PlyCount "141"]
[EventDate "2004.07.12"]
[Source "Org Culamet Nia"]
[SourceDate "2004.01.07"]

1. d4 f5 2. e4 fxe4 3. Nc3 Nf6 4. Bg5 Nc6 5. f3 e3 6. d5 Ne5 7. Bxe3 c6 8. Qd4
d6 9. Bf4 Nf7 10. O-O-O g6 11. Bc4 b5 12. Bd3 Bg7 13. dxc6 Nh5 14. c7 Qxc7 15.
Nd5 Bxd4 16. Nxc7+ Kd8 17. Nxa8 Nxf4 18. Bxb5 Be3+ 19. Kb1 Bb7 20. g3 Nd5 21.
Bc4 e6 22. Nh3 Bxa8 23. Rhe1 Bb6 24. Rxe6 Ne3 25. Rxe3 Bxe3 26. Bxf7 Bc5 27.
Bd5 Bxd5 28. Rxd5 Re8 29. c3 Re2 30. b4 Bb6 31. Rxd6+ Ke7 32. Rd3 Rxh2 33. Nf4
Bf2 34. g4 Bg3 35. Nd5+ Ke6 36. f4 Rg2 37. f5+ Ke5 38. Ne3 Rg1+ 39. Kc2 Bf4 40.
Nc4+ Kf6 41. fxg6 hxg6 42. Rd7 Rxg4 43. Rxa7 g5 44. b5 Rh4 45. b6 g4 46. Ra8 g3
47. b7 Rh7 48. Rf8+ Rf7 49. b8=Q Bxb8 50. Rxb8 Rg7 51. Rb1 Kf5 52. Kd3 Kf4 53.
Rf1+ Kg5 54. Ne3 Ra7 55. Rg1 Kf4 56. Nf1 Rd7+ 57. Kc4 Rc7+ 58. Kb3 Rb7+ 59. Kc2
Ra7 60. Nxg3 Rxa2+ 61. Kb3 Rh2 62. Nf1 Rf2 63. Rh1 Ke4 64. Ng3+ Kf4 65. Nh5+
Ke5 66. Kc4 Rg2 67. Rf1 Rg4+ 68. Kc5 Rh4 69. Nf4 Ke4 70. Nd5 Rh5 71. Rd1 1-0

[Event "Open Techirghiol Seniori"]
[Site "?"]
[Date "2004.07.??"]
[Round "4.1"]
[White "Cirlan, Ionut-Gheorghe"]
[Black "Gilea, Lucian"]
[Result "0-1"]
[WhiteElo "2143"]
[BlackElo "2247"]
[PlyCount "74"]
[EventDate "2004.07.12"]
[Source "Org Culamet Nia"]
[SourceDate "2004.01.07"]

1. e4 e6 2. d4 d5 3. Nc3 Bb4 4. e5 Qd7 5. a3 Bxc3+ 6. bxc3 b6 7. Bd3 Ba6 8.
Bxa6 Nxa6 9. Qd3 Nb8 10. a4 Nc6 11. f4 Na5 12. Nf3 Ne7 13. O-O h5 14. Nd2 Nf5
15. Rf3 Qc6 16. Rh3 Rh6 17. Nb3 Nc4 18. a5 Kd7 19. Bd2 Rb8 20. Rb1 bxa5 21.
Nc5+ Qxc5 22. Rxb8 Qa3 23. Rb1 Qa2 24. Rc1 Qb2 25. Rf3 Rh8 26. Rff1 Rb8 27. Ra1
Rb6 28. Ra4 Rc6 29. Bc1 Qb1 30. g3 g6 31. h3 h4 32. gxh4 Nxh4 33. f5 Nxf5 34.
Bg5 Qb2 35. h4 Nb6 36. Rxa5 Rxc3 37. Qh3 Rxh3 0-1

[Event "Open Techirghiol Seniori"]
[Site "?"]
[Date "2004.07.??"]
[Round "6.1"]
[White "Stoian, Mihail"]
[Black "Gilea, Lucian"]
[Result "0-1"]
[WhiteElo "685"]
[BlackElo "2247"]
[PlyCount "72"]
[EventDate "2004.07.12"]
[Source "Org Culamet Nia"]
[SourceDate "2004.01.07"]

1. c4 Nf6 2. Nc3 g6 3. g3 Bg7 4. Bg2 c6 5. e4 d6 6. Nge2 e5 7. d3 O-O 8. Be3
Ng4 9. Qd2 f5 10. Bg5 Qb6 11. f3 Qf2+ 12. Kd1 Qxg2 13. Kc2 Nf6 14. Raf1 Qh3 15.
Rf2 fxe4 16. fxe4 Nbd7 17. Rhf1 a6 18. Ng1 Qe6 19. h3 b5 20. b3 Rb8 21. g4 b4
22. Nd1 d5 23. exd5 cxd5 24. Kb1 a5 25. Ne3 Bb7 26. Bxf6 Nxf6 27. Nf3 d4 28.
Nc2 Qd6 29. Ng5 e4 30. dxe4 Nxe4 31. Rxf8+ Rxf8 32. Rxf8+ Qxf8 33. Nxe4 Bxe4
34. Qe1 Qf3 35. Kc1 Qf4+ 36. Qd2 Qf1+ 0-1

[Event "Open Techirghiol Seniori"]
[Site "?"]
[Date "2004.07.??"]
[Round "7.1"]
[White "Gilea, Lucian"]
[Black "Negrut, Gabriela Liliana"]
[Result "1-0"]
[WhiteElo "2247"]
[BlackElo "459"]
[PlyCount "130"]
[EventDate "2004.07.12"]
[Source "Org Culamet Nia"]
[SourceDate "2004.01.07"]

1. d4 Nf6 2. Bg5 e6 3. e4 Be7 4. Nd2 b6 5. Bd3 Ba6 6. c4 d5 7. e5 Nfd7 8. Be3
c5 9. Qe2 cxd4 10. Bxd4 Nc6 11. Ngf3 Nb4 12. O-O Rc8 13. b3 Nxd3 14. Qxd3 dxc4
15. Nxc4 Bxc4 16. bxc4 O-O 17. Rfd1 Qc7 18. Rac1 Rfd8 19. Qe3 Bc5 20. Bxc5 Qxc5
21. Qf4 Nf8 22. Re1 Ng6 23. Qe4 Rd7 24. h4 Rcd8 25. h5 Nf8 26. h6 Ng6 27. hxg7
Kxg7 28. Qg4 Rg8 29. Qh5 Qa3 30. Ng5 h6 31. Ne4 Rd4 32. Nf6 Rgd8 33. Ng4 Rh8
34. g3 Qf3 35. Nf6 Qxh5 36. Nxh5+ Kh7 37. c5 bxc5 38. Rxc5 Ra4 39. Rc7 Rf8 40.
Re2 Kg8 41. Nf6+ Kg7 42. Nd7 Rd8 43. Nc5 Rd1+ 44. Kg2 Ra5 45. Nxe6+ Kg8 46.
Rc8+ Kh7 47. Nf8+ Nxf8 48. Rxf8 Kg7 49. Re8 Ra1 50. e6 fxe6 51. Re7+ Kf8 52.
R7xe6 h5 53. R6e5 R1xa2 54. Rxa2 Rxe5 55. Rxa7 Rc5 56. Kh3 Kg8 57. f4 Rb5 58.
Kh4 Rc5 59. Re7 Rd5 60. Re5 Rxe5 61. fxe5 Kf7 62. Kxh5 Ke6 63. g4 Kxe5 64. Kg6
Ke6 65. g5 Ke7 1-0

[Event "Open Techirghiol Seniori"]
[Site "?"]
[Date "2004.07.??"]
[Round "8.1"]
[White "Tufa, Mihai"]
[Black "Gilea, Lucian"]
[Result "1-0"]
[WhiteElo "2162"]
[BlackElo "2247"]
[PlyCount "133"]
[EventDate "2004.07.12"]
[Source "Org Culamet Nia"]
[SourceDate "2004.01.07"]

1. e4 c6 2. d4 d5 3. e5 Bf5 4. Bd3 Bxd3 5. Qxd3 e6 6. Ne2 c5 7. c3 cxd4 8. cxd4
Nc6 9. a3 Nge7 10. O-O h5 11. Bg5 Qb6 12. Bxe7 Bxe7 13. b4 g6 14. Nbc3 Qd8 15.
g3 Bf8 16. f4 Ne7 17. Rfc1 a6 18. Na4 Nf5 19. Rc2 b5 20. Nc5 Bxc5 21. Rxc5 O-O
22. Rac1 g5 23. Qf3 g4 24. Qd3 Kg7 25. Kg2 Rh8 26. h3 gxh3+ 27. Kxh3 Qg8 28.
Kg2 Qh7 29. Kf2 Qg6 30. Rg1 Qg4 31. Qf3 a5 32. Rxb5 axb4 33. axb4 Ra2 34. Ra5
Rb2 35. Rd1 Rc8 36. Rc5 Rb8 37. Rc3 R8xb4 38. Rcd3 Ra4 39. R1d2 Raa2 40. Qxg4+
hxg4 41. Rxb2 Rxb2 42. Ke1 Kf8 43. Ra3 Rb4 44. Rd3 Ra4 45. Kd2 Ra2+ 46. Kd1 Kg7
47. Nc3 Rg2 48. Ne2 Rf2 49. Ke1 Rf3 50. Rxf3 gxf3 51. Ng1 Nxd4 52. Kf2 Kg6 53.
Nxf3 Nxf3 54. Kxf3 Kh5 55. g4+ Kh4 56. f5 Kg5 57. fxe6 fxe6 58. Kg3 d4 59. Kf3
d3 60. Ke3 d2 61. Kxd2 Kxg4 62. Kc3 Kg3 63. Kc4 Kg4 64. Kc5 Kg5 65. Kc6 Kg6 66.
Kd7 Kf5 67. Kd6 1-0

[Event "ROM-chT (Romanian League)"]
[Site "Sovata"]
[Date "2003.05.03"]
[Round "4"]
[White "Gilea, Lucian"]
[Black "Atalik, Suat"]
[Result "0-1"]
[WhiteElo "2250"]
[BlackElo "2568"]
[PlyCount "34"]
[EventDate "2003.04.30"]
[EventType "team"]
[EventRounds "7"]
[EventCountry "ROM"]
[Source "ChessBase"]
[SourceDate "2003.09.25"]

1. d4 e6 2. e4 d5 3. exd5 exd5 4. Bd3 c5 5. dxc5 Bxc5 6. Nf3 Nf6 7. O-O O-O 8.
h3 Nc6 9. c3 Qd6 10. Nbd2 Bxh3 11. gxh3 Qg3+ 12. Kh1 Qxh3+ 13. Kg1 Ng4 14. Bf5
Nce5 15. Bxg4 Nxg4 16. Nb3 Qg3+ 17. Kh1 Bxf2 0-1

[Event "ROM-chT"]
[Site "?"]
[Date "2002.??.??"]
[Round "?"]
[White "Florescu, Codrut-Constantin"]
[Black "Gilea, Lucian"]
[Result "1-0"]
[WhiteElo "2371"]
[BlackElo "2289"]
[PlyCount "95"]
[EventDate "2002.??.??"]

1. e4 e6 2. d4 d5 3. e5 c5 4. c3 Nc6 5. Nf3 Nge7 6. Na3 Nf5 7. Nc2 Be7 8. Bd3
c4 9. Be2 b5 10. O-O Qb6 11. g4 Nh4 12. Nxh4 Bxh4 13. f4 Be7 14. Kh1 Bd7 15.
Bf3 a5 16. f5 O-O-O 17. Ne3 f6 18. exf6 Bxf6 19. g5 Be7 20. Bg4 exf5 21. Nxd5
Qb7 22. Bf3 Bd6 23. b3 cxb3 24. axb3 Be6 25. c4 Bb8 26. Be3 Rhe8 27. Qd2 b4 28.
Bg2 h6 29. gxh6 gxh6 30. Qf2 Bd6 31. Nf4 Bg8 32. h3 Qd7 33. d5 Nb8 34. Bb6 Qg7
35. Rxa5 Rd7 36. Rc5+ Kb7 37. Rb5 Kc8 38. Bc5 Bc7 39. d6 Bxd6 40. Bxd6 Rxd6 41.
Qc5+ Qc7 42. Qxf5+ Qd7 43. Qc5+ Qc7 44. Qxb4 Nc6 45. Qa3 Kd7 46. Nd5 Bxd5 47.
cxd5 Nd4 48. Rc5 1-0